Представление документа в формате MARC21

ПолеНазваниеЗначение
  Тип записи a
  Библиографический уровень m
001 Контрольный номер RU/URAIT/567852
005 Дата корректировки 20260429163559.5
008 Кодируемые данные 260429s2025 RU y f j 000 0 rus u
020 Индекс ISBN __
a ISBN 978-5-534-14628-8
c Цена, тираж 1829.00
040 Источник каталогиз. __
a Служба первич. каталог. ИКО Юрайт
c Служба, преобразующая запись ИКО Юрайт
e Правила каталог. RCR
041 Код языка издания __
a Код языка текста rus
044 Код страны публикации __
a Код страны публикации RU
080 Индекс УДК __
a Индекс УДК 75(075.32)
084 Индекс другой классификации/Индекс ББК __
2 Источник индекса rubbk
a Индекс другой классификации/Индекс ББК 85.14я723
100 Автор __
a Автор Котляров А. С.
q Полное имя Котляров Александр Серафимович
245 Заглавие __
a Заглавие Композиция изображения. Теория и практика
b Продолж. заглавия учебник для спо
c Ответственность А. С. Котляров, М. А. Кречетова.
250 Сведения об издании __
g пер. и доп
a Основные сведения об издании 2-е изд.
256 Характеристики компьютерного файла __
a Характеристики компьютерного файла Электрон. дан.
260 Выходные данные __
a Место издания Москва
b Издательство Юрайт
c Дата издания 2025
300 Физическое описание __
a Объем 122 с
440 Серия __
a Серия Профессиональное образование
500 Примечания __
a Примечание URL: https://urait.ru/bcode/567852 (дата обращения: 29.04.2026).
520 Аннотация __
a Аннотация В учебном курсе излагаются основные вопросы, связанные с процессом создания и бытия художественной формы в изобразительном искусстве. Рассматриваются вопросы психофизиологии зрительного восприятия, художественного мышления и творческой практики в живописи и графике, на практических примерах исследуются изобразительные возможности средств художественного выражения, проводится анализ композиционных структур ряда известных произведений искусства. Соответствует актуальным требованиям Федерального государственного образовательного стандарта среднего профессионального образования и профессиональным требованиям. Курс адресован студентам художественных ссузов и факультетов искусства и всем тем, кто занимается изобразительным искусством.
538 Прим. о системных особенностях __
a Прим. о системных особенностях Режим доступа: Электронно-библиотечная система Юрайт, для авториз. пользователей
653 Ключевые слова __
a Ключевые слова Изобразительное искусство. Дизайн
653 Ключевые слова __
a Ключевые слова Гуманитарные науки
653 Ключевые слова __
a Ключевые слова Композиция
653 Ключевые слова __
a Ключевые слова Основы композиции (Пропедевтика)
653 Ключевые слова __
a Ключевые слова Фотокомпозиция
653 Ключевые слова __
a Ключевые слова Общая композиция
653 Ключевые слова __
a Ключевые слова Основы композиции
653 Ключевые слова __
a Ключевые слова Композиция и анализ произведений изобразительного искусства
653 Ключевые слова __
a Ключевые слова Специальная композиция
653 Ключевые слова __
a Ключевые слова Композиция и художественный образ
653 Ключевые слова __
a Ключевые слова Спецкомпозиция
653 Ключевые слова __
a Ключевые слова Фотокомпозиции
653 Ключевые слова __
a Ключевые слова Основы композиции и дизайна
653 Ключевые слова __
a Ключевые слова Основы дизайна и композиции
653 Ключевые слова __
a Ключевые слова Специальный рисунок и композиция
653 Ключевые слова __
a Ключевые слова Рисунок и основы композиции
653 Ключевые слова __
a Ключевые слова Основы композиции в дизайне
653 Ключевые слова __
a Ключевые слова Композиция в дизайне
653 Ключевые слова __
a Ключевые слова Пропедевтика. Основы композиции
653 Ключевые слова __
a Ключевые слова Основы композиции и цветоведения
653 Ключевые слова __
a Ключевые слова Пропедевтика (композиция)
653 Ключевые слова __
a Ключевые слова Основы композиции, рисунка, живописи в рекламе
700 Другие авторы __
a Другие авторы Кречетова М. А.
q Полное имя Кречетова Мария Александровна
856 Электронный адрес документа 40
n Местонахождение сервера Юрайт
g Электронная книга
q Тип электронного формата html
h Имя пользователя ЮРАЙТ
v Часы доступа к ресурсу 20271231
2 Способ доступа Показать документ
x Служебное примечание https://urait.ru/book/cover/0907385E-9DA2-4819-AB7E-81C09A8B0F92
u URL https://urait.ru/bcode/567852
856 Электронный адрес документа 48
q Тип электронного формата cover
u URL https://urait.ru/book/cover/0907385E-9DA2-4819-AB7E-81C09A8B0F92
911 __
u 0030=https://urait.ru/bcode/567852
911 __
u 073a=9785534146288
u 073d=1829.00
911 __
u 106a=s
911 __
u 900l=
952 Тип литературы __
i Дисциплина Композиция
952 Тип литературы __
i Дисциплина Основы композиции (Пропедевтика)
952 Тип литературы __
i Дисциплина Фотокомпозиция
952 Тип литературы __
i Дисциплина Общая композиция
952 Тип литературы __
i Дисциплина Основы композиции
952 Тип литературы __
i Дисциплина Композиция и анализ произведений изобразительного искусства
952 Тип литературы __
i Дисциплина Специальная композиция
952 Тип литературы __
i Дисциплина Композиция и художественный образ
952 Тип литературы __
i Дисциплина Спецкомпозиция
952 Тип литературы __
i Дисциплина Фотокомпозиции
952 Тип литературы __
i Дисциплина Основы композиции и дизайна
952 Тип литературы __
i Дисциплина Основы дизайна и композиции
952 Тип литературы __
i Дисциплина Специальный рисунок и композиция
952 Тип литературы __
i Дисциплина Рисунок и основы композиции
952 Тип литературы __
i Дисциплина Основы композиции в дизайне
952 Тип литературы __
i Дисциплина Композиция в дизайне
952 Тип литературы __
i Дисциплина Пропедевтика. Основы композиции
952 Тип литературы __
i Дисциплина Основы композиции и цветоведения
952 Тип литературы __
i Дисциплина Пропедевтика (композиция)
952 Тип литературы __
i Дисциплина Основы композиции, рисунка, живописи в рекламе